00509 a2200169 4500003000500000005001700005040000900022082001000031100003500041245004900076260003200125300001700157505011000174538003000284650001400314651001100328Nust20170207153206.0 cNust a005.1 aKhan, Hidayat-Ullah (MSCS-6) aIslamic expert systemcHidayat-Ullah Khan  aRawalpindibMCS, NUSTc2002 axii, 117, p. aIntroduction (page-1) Background (page-11) Conceptualization (page-58) Results and discussions (page-87)  aAlmirah No.73 Shelf No. 1 aPG Thesis aMSCS-6